| 000 | 00343nam a2200133Ia 4500 | ||
|---|---|---|---|
| 008 | 191201s2005 xx 000 0 und d | ||
| 100 | _aBHISE, Gopal G | ||
| 245 | 0 | _aEngineering Network Analysis and Filter Design | |
| 250 | _a1st | ||
| 260 |
_aN.Delhi _bUmesh Publications _c2005 |
||
| 300 | _a1072 | ||
| 650 | _aB.Tech(CSE) | ||
| 942 |
_2ddc _cBK |
||
| 999 |
_c1070 _d1070 |
||